[Event "TUR-chT Superleague 2018"]
[Site "Ankara"]
[Date "2018.07.29"]
[Round "5"]
[White "Kilic, Efe Mert"]
[Black "Yaran, Siar"]
[Result "1-0"]
[WhiteElo "2317"]
[BlackElo "2261"]
[Annotator "NA"]
[PlyCount "105"]
[EventDate "2018.07.25"]
[EventType "team-tourn"]
[EventCountry "TUR"]
[SourceTitle "playchess.com"]
[Source "ChessBase"]
[SourceQuality "1"]
[TimeControl "40/5400+30:1800+30"]

1. e4 {[%emt 0:00:30]} e5 {[%emt 0:01:00]} 2. Nf3 {[%emt 0:00:30]} Nc6 {[%emt 0:00:00]} 3. d4 {[%emt 0:01:30]} exd4 {[%emt 0:00:00]} 4. Nxd4 {[%emt 0:00:00]} g6 {[%emt 0:01:30]} 5. Nc3 {[%emt 0:05:00]} Bg7 {[%emt 0:00:30]} 6. Nxc6 {[%emt 0:00:30]} bxc6 {[%emt 0:00:30]} 7. Bc4 {[%emt 0:01:30]} d6 {[%emt 0:01:30]} 8. O-O {[%emt 0:00:00]} Be6 {[%emt 0:01:30]} 9. Qd3 {[%emt 0:10:00]} Ne7 {[%emt 0:10:30]} 10. Bxe6 {[%emt 0:01:30]} fxe6 {[%emt 0:00:30]} 11. Qh3 {[%emt 0:00:30]} Qd7 {[%emt 0:00:30]} 12. Bh6 {[%emt 0:00:00]} O-O {[%emt 0:00:30]} 13. Bxg7 {[%emt 0:01:00]} Kxg7 {[%emt 0:00:00]} 14. Rad1 {[%emt 0:00:30]} Qc8 {[%emt 0:09:00]} 15. e5 {[%emt 0:05:30]} d5 {[%emt 0:00:30]} 16. Na4 $16 {[%emt 0:00:30]} Rf4 {[%emt 0:09:30]} 17. Nc5 {[%emt 0:06:30]} Nf5 {[%emt 0:00:30]} 18. b3 {[%emt 0:06:30]} Rb8 {[%emt 0:10:30]} 19. g3 {[%emt 0:08:30]} Rf3 {[%emt 0:25:30]} 20. Nd3 {[%emt 0:00:30]} Qf8 {[%emt 0:00:30]} 21. Qg4 {[%emt 0:01:30]} Rxd3 {[%emt 0:05:30]} 22. Rxd3 {[%emt 0:00:30]} Qa3 {[%emt 0:02:40]} 23. Qg5 {[%emt 0:14:30]} Rf8 {[%emt 0:00:08]} 24. g4 {[%emt 0:03:30]} h6 {[%emt 0:02:10]} 25. Qc1 {[%emt 0:01:30]} Qxc1 {[%emt 0:00:30]} 26. Rxc1 {[%emt 0:00:30]} Nh4 {[%emt 0:00:00]} 27. h3 {[%emt 0:00:30]} c5 {[%emt 0:03:27]} 28. Rc3 {[%emt 0:02:30]} c4 {[%emt 0:00:33]} 29. bxc4 {[%emt 0:01:30]} d4 {[%emt 0:00:05]} 30. Ra3 {[%emt 0:00:00]} Nf3+ {[%emt 0:01:44]} 31. Kg2 {[%emt 0:00:00]} Nxe5 {[%emt 0:00:11]} 32. Rxa7 {[%emt 0:01:30]} Rf7 {[%emt 0:00:01]} 33. Rb1 {[%emt 0:01:30]} d3 {[%emt 0:02:02]} 34. cxd3 {[%emt 0:00:30]} Nxd3 {[%emt 0:00:00]} 35. f3 {[%emt 0:01:30]} Nf4+ {[%emt 0:00:36]} 36. Kh2 {[%emt 0:00:30]} Rd7 {[%emt 0:01:56]} 37. Rbb7 {[%emt 0:02:30]} Rd2+ {[%emt 0:00:43]} 38. Kg3 {[%emt 0:01:30]} g5 {[%emt 0:00:39]} 39. Rxc7+ {[%emt 0:00:30]} Kg6 {[%emt 0:00:30]} 40. Rg7+ {[%emt 0:00:30]} Kf6 {[%emt 0:00:00]} 41. Rgf7+ {[%emt 0:00:00]} Kg6 {[%emt 0:04:05]} 42. Rxf4 {[%emt 0:00:00]} gxf4+ {[%emt 0:00:30]} 43. Kxf4 {[%emt 0:00:00]} Rd4+ {[%emt 0:00:00]} 44. Ke5 {[%emt 0:00:00]} Rxc4 {[%emt 0:00:00]} 45. f4 {[%emt 0:03:30]} Rc3 {[%emt 0:00:30]} 46. f5+ {[%emt 0:02:30]} exf5 {[%emt 0:00:30]} 47. gxf5+ {[%emt 0:00:00]} Kh5 {[%emt 0:00:00]} 48. f6 {[%emt 0:00:00]} Re3+ {[%emt 0:03:00]} 49. Kf4 {[%emt 0:01:30]} Re2 {[%emt 0:05:30]} 50. Kf5 {[%emt 0:03:30]} Re3 {[%emt 0:03:30]} 51. Ra4 {[%emt 0:03:30]} Rc3 {[%emt 0:09:30]} 52. f7 {[%emt 0:00:30]} Rc6 {[%emt 0:00:30]} 53. Ra5 {[%emt 0:01:30]} 1-0

[Event "TUR-chT Superleague 2018"]
[Site "Ankara"]
[Date "2018.07.29"]
[Round "5"]
[White "Ozen, Bahadir"]
[Black "Alekseenko, Kirill"]
[Result "1/2-1/2"]
[WhiteElo "2317"]
[BlackElo "2627"]
[Annotator "TA"]
[PlyCount "186"]
[EventDate "2018.07.25"]
[EventType "team-tourn"]
[EventCountry "TUR"]
[SourceTitle "playchess.com"]
[Source "ChessBase"]
[SourceQuality "1"]

{[%evp 21,186,-13,-18,-20,-15,-14,-13,-20,0,0,0,-44,-34,-36,-46,-72,-80,-113,-101,-110,-100,-89,-83,-100,-49,-70,-14,-70,-74,-139,-125,-102,0,0,0,0,0,0,0,0,0,0,0,-86,-78,-78,-78,-83,-73,-81,18,-8,-8,-8,-8,-8,-8,-8,0,-8,-8,-8,-8,-2,-6,0,-3,-8,-5,-8,0,0,0,0,0,-8,0,0,0,0,0,0,0,-12,0,0,0,-8,-6,-12,-14,-14,-8,-8,-8,-8,0,0,0,0,0,0,0,0,0,0,0,0,0,0,0,0,0,0,0,0,0,0,0,0,0,0,0,0,0,0,0,0,0,0,0,0,0,0,0,0,0,0,0,0,0,0,0,0,0,0,0,0,0,0,0,0,0,0,0,0,0,0,7,0,71,71,72,0,0,0,8]} 1. e4 c5 2. Nf3 d6 3. g3 Nc6 4. Bg2 Nf6 5. d3 g6 6. O-O Bg7 7. c3 O-O 8. Re1 e5 9. a3 d5 10. Nbd2 {A05: Übergänge in verschiedene Eröffnungen} d4 (10... Re8 11. b4 d4 12. cxd4 cxd4 13. Nb3 a6 14. Bd2 b6 15. a4 Bf8 16. b5 Nb4 17. Qb1 a5 {1-0 (48) Amin,B (2700)-Dzjuba,V (2254) Riga 2017}) 11. cxd4 cxd4 {LiveBook: 3 Partien} 12. b4 {[%cal Bb2b4,Bb4b5][%mdl 32]} Ne8 $146 ({Vorgänger:} 12... a6 13. Nb3 Ne8 14. Bg5 f6 15. Bd2 Nd6 16. Rc1 Kh8 17. Nh4 Nb5 {1-0 (30) Davies,N (2521)-Collins,S (2409) Birmingham 2006}) 13. b5 Na5 14. a4 Be6 15. Ba3 Nd6 16. Qb1 b6 17. Qb2 Re8 18. Rac1 Ndb7 19. h4 {[#]} f6 $1 20. h5 Bh6 21. hxg6 hxg6 22. Rc2 Qd7 (22... Rc8 $17) 23. Nh4 $15 Kg7 (23... Qh7 $15) 24. Rf1 (24. f4 $1 $11) 24... Rac8 25. Rxc8 (25. f4 $142) 25... Rxc8 $17 26. f4 Bg4 (26... Rc3 $17 27. fxe5 Rxd3) 27. Ndf3 $1 $11 exf4 28. e5 {Droht stark exf6+.} Qd8 29. Nxd4 Nc5 30. exf6+ Qxf6 31. Re1 Kh7 32. Ndf5 (32. Be4 $11 {bleibt in der Remisbreite.} Nxe4 33. Rxe4) 32... Qxb2 $17 33. Bxb2 {Weiss will mit Te7+ Matt setzen.} Bf8 ({Doch nicht} 33... Bxf5 34. Re7+ Kg8 35. Bd5+ Kf8 36. Nxf5 $11) 34. Ne7 Nxd3 35. Be4 Bxe7 ({Lieber nicht} 35... Nxe1 36. Bxg6+ Kh6 37. Ng8+ Kg5 38. Bf6#) (35... Nxb2 $17 36. Nxc8 Bc5+ 37. Kg2 Bxc8 38. Nxg6 Kg7 39. Nxf4 Nac4) 36. Bxg6+ Kh6 $1 37. Bxd3 Bc5+ 38. Kg2 $132 {[%mdl 2048] Weiss is not keeping still} Rd8 39. Rh1 $1 Kg5 (39... Rxd3 $5 40. Nf3+ $8 Bh5 $11) 40. gxf4+ Kxf4 41. Bc1+ Ke5 42. Bb2+ Ke6 43. Re1+ Kd7 44. Ng6 Kc8 45. Nf4 Rg8 46. Bh7 Rf8 47. Kg3 Bd7 (47... Bd6 {is more complex.} 48. Kxg4 Rxf4+ 49. Kg5 Rxa4 50. Bf5+ Kc7) 48. Nd3 Bd6+ 49. Be5 Rf6 (49... Bxe5+ {feels hotter.} 50. Nxe5 Be6 51. Rc1+ Kb8 52. Be4 Rd8) 50. Bxd6 Rxd6 51. Ne5 Be6 52. Nf3 Kd8 53. Bc2 Bd5 54. Rh1 Rf6 55. Rd1 Rxf3+ 56. Kg4 Rf2 57. Rxd5+ $11 {[%mdl 4096] Endspiel KTL-KTS} Ke7 58. Bd1 Nc4 {Und weiter mit ...Se3+ wäre nett.} 59. Kg3 Ra2 60. Kf4 {Schwarz muss nun Lb3 beachten.} Ra1 61. Bb3 Na5 62. Bc2 Ke6 63. Rd8 Rf1+ 64. Ke3 Rf7 65. Kd4 Rc7 66. Kd3 Nb7 67. Rh8 Nc5+ 68. Kd4 Kd6 69. Rh6+ Ne6+ 70. Kd3 Ke5 71. Rh5+ Kf4 72. Kd2 Ng5 73. Rh4+ Kg3 74. Rb4 Nf3+ 75. Kd1 Kf2 76. Be4 Rd7+ 77. Kc1 Nd4 78. Rc4 Ke3 79. Bb1 Ne2+ 80. Kb2 Rg7 81. Ka3 Rg1 82. Bh7 Rg7 83. Bb1 Kd2 84. Kb2 Rd7 85. Ka3 Nc3 86. Bf5 Rd5 87. Bh7 Rd7 88. Bf5 Rf7 89. Rd4+ Ke2 90. Bg6 Rf6 (90... Rg7 $11 91. Rd6 Kf2) 91. Bc2 $16 {Kb2 ist eine echte Drohung.} Rf7 {[#]} 92. Bg6 (92. Kb3 $1 $16 {[%cal Rb3c3]} Rc7 93. Rd6) 92... Rg7 93. Bc2 Rc7 {Precision: Weiß = 56%, Schwarz = 65%.} 1/2-1/2

[Event "TUR-chT Superleague 2018"]
[Site "Ankara"]
[Date "2018.07.29"]
[Round "5"]
[White "Keler, Faruk"]
[Black "Soysal, Serkan"]
[Result "1/2-1/2"]
[WhiteElo "2286"]
[BlackElo "2406"]
[Annotator "NA"]
[PlyCount "72"]
[EventDate "2018.07.25"]
[EventType "team-tourn"]
[EventCountry "TUR"]
[SourceTitle "playchess.com"]
[Source "ChessBase"]
[SourceQuality "1"]
[TimeControl "40/5400+30:1800+30"]

1. e4 {[%emt 0:00:30]} e5 {[%emt 0:01:00]} 2. Nf3 {[%emt 0:00:30]} Nc6 {[%emt 0:00:30]} 3. Bb5 {[%emt 0:00:30]} a6 {[%emt 0:00:30]} 4. Ba4 {[%emt 0:00:30]} g6 {[%emt 0:00:00]} 5. d4 {[%emt 0:14:30]} exd4 {[%emt 0:00:00]} 6. Bg5 {[%emt 0:01:30]} Be7 {[%emt 0:05:30]} 7. Bxe7 {[%emt 0:00:30] LiveBook: 29 Games} Qxe7 {[%emt 0:00:30]} 8. Bxc6 {[%emt 0:06:30]} bxc6 {[%emt 0:18:30]} (8... dxc6 $11 9. Qxd4 Nf6) 9. Qxd4 $16 {[%emt 0:02:30]} Nf6 {[%emt 0:03:30]} 10. Nc3 {[%emt 0:01:30]} O-O {[%emt 0:08:30]} 11. e5 {[%emt 0:16:30]} Nd5 {[%emt 0:06:30]} 12. Nxd5 {[%emt 0:06:30]} cxd5 {[%emt 0:00:30]} 13. Qxd5 {[%emt 0:00:30]} Qb4+ {[%emt 0:04:30]} 14. Qd2 {[%emt 0:01:30]} Qxb2 {[%emt 0:19:30]} 15. O-O {[%emt 0:00:30]} Rb8 {[%emt 0:01:30]} 16. Qh6 {[%emt 0:11:30]} f6 {[%emt 0:01:30]} 17. Rad1 {[%emt 0:07:30]} d6 {[%emt 0:02:30]} 18. exd6 {[%emt 0:01:30]} cxd6 {[%emt 0:00:30]} 19. Rxd6 {[%emt 0:00:30]} Qxc2 {[%emt 0:01:30]} 20. Rd2 {[%emt 0:07:46]} Qc7 {[%emt 0:02:30]} 21. h3 {[%emt 0:00:38]} Be6 {[%emt 0:06:30]} 22. Re1 {[%emt 0:01:13]} Rfe8 {[%emt 0:01:34]} 23. Rde2 {[%emt 0:01:13]} Bf7 {[%emt 0:00:00]} 24. Rxe8+ {[%emt 0:00:04]} Rxe8 {[%emt 0:00:28]} 25. Rxe8+ {[%emt 0:00:30]} Bxe8 {[%emt 0:00:30]} 26. Qe3 {[%emt 0:00:30]} Bf7 {[%emt 0:00:30]} 27. a3 {[%emt 0:00:30]} Qd6 {[%emt 0:00:00]} 28. Qc3 {[%emt 0:02:40]} Qd1+ {[%emt 0:02:34]} 29. Kh2 {[%emt 0:00:17]} Qd6+ {[%emt 0:00:33]} 30. Kg1 {[%emt 0:00:12]} Kg7 {[%emt 0:00:07]} 31. Qe3 {[%emt 0:01:48]} a5 {[%emt 0:03:11]} 32. Qc3 {[%emt 0:01:19]} a4 {[%emt 0:01:00]} 33. Nd4 {[%emt 0:02:35]} h5 {[%emt 0:01:54]} 34. Nb5 {[%emt 0:05:34]} Qd1+ {[%emt 0:03:13]} 35. Kh2 {[%emt 0:00:01]} Qe2 {[%emt 0:02:18]} 36. Qc5 {[%emt 0:00:56]} h4 {[%emt 0:03:22]} 1/2-1/2

[Event "TUR-chT Superleague 2018"]
[Site "Ankara"]
[Date "2018.07.29"]
[Round "5"]
[White "Tasdogen, Dincer"]
[Black "Gunduz, Umut Erdem"]
[Result "1-0"]
[WhiteElo "2280"]
[BlackElo "2130"]
[Annotator "NA"]
[PlyCount "103"]
[EventDate "2018.07.25"]
[EventType "team-tourn"]
[EventCountry "TUR"]
[SourceTitle "playchess.com"]
[Source "ChessBase"]
[SourceQuality "1"]
[TimeControl "40/5400+30:1800+30"]

1. Nf3 {[%emt 0:00:30]} Nf6 {[%emt 0:01:00]} 2. g3 {[%emt 0:00:30]} b5 {[%emt 0:00:30]} 3. Bg2 {[%emt 0:00:30]} Bb7 {[%emt 0:00:00]} 4. O-O {[%emt 0:00:30]} e6 {[%emt 0:00:00]} 5. d3 {[%emt 0:02:30]} Be7 {[%emt 0:00:30]} 6. e4 {[%emt 0:00:30]} d6 {[%emt 0:00:30]} 7. Nd4 {[%emt 0:00:00]} Qd7 {[%emt 0:00:00]} 8. f4 {[%emt 0:03:00]} c5 {[%emt 0:04:00]} 9. Nf3 {[%emt 0:06:30]} Nc6 {[%emt 0:11:30]} 10. Nc3 {[%emt 0:00:00]} a6 {[%emt 0:02:30]} 11. h3 {[%emt 0:09:00]} Qc7 {[%emt 0:14:30]} 12. Ne2 {[%emt 0:06:30]} d5 {[%emt 0:07:30]} 13. e5 {[%emt 0:01:30]} Nd7 {[%emt 0:00:30]} 14. c3 {[%emt 0:00:30]} d4 {[%emt 0:02:30]} 15. cxd4 {[%emt 0:13:30]} Nxd4 {[%emt 0:00:30]} 16. Nexd4 {[%emt 0:03:30]} cxd4 {[%emt 0:00:30]} 17. Bd2 {[%emt 0:01:30]} Nc5 {[%emt 0:09:30]} 18. Rc1 {[%emt 0:02:30]} Qd7 {[%emt 0:02:30]} 19. Bb4 {[%emt 0:07:30]} Nxd3 {[%emt 0:17:30]} 20. Qxd3 {[%emt 0:12:30]} Bxb4 {[%emt 0:00:30]} 21. Nxd4 {[%emt 0:05:30]} Bxg2 {[%emt 0:01:30]} 22. Kxg2 {[%emt 0:00:30]} O-O {[%emt 0:00:30]} 23. Rfd1 {[%emt 0:01:30]} Qd5+ {[%emt 0:05:40]} 24. Qf3 {[%emt 0:04:29]} Qxa2 {[%emt 0:02:15]} 25. Rc2 {[%emt 0:00:01]} Rfe8 {[%emt 0:09:26]} 26. Nc6 {[%emt 0:02:38]} a5 {[%emt 0:02:39]} 27. Rd7 {[%emt 0:02:50]} Qb1 {[%emt 0:02:06]} 28. Qe2 {[%emt 0:04:59]} Qe1 {[%emt 0:02:30]} 29. Qxe1 {[%emt 0:03:21]} Bxe1 {[%emt 0:00:30]} 30. Rc5 {[%emt 0:00:00]} g6 {[%emt 0:01:21]} 31. Rd1 {[%emt 0:04:21]} Bb4 {[%emt 0:00:30]} 32. Rxb5 {[%emt 0:00:00]} Rec8 {[%emt 0:00:28]} 33. Rc1 {[%emt 0:01:40]} Rc7 {[%emt 0:00:33]} 34. Rc4 {[%emt 0:00:42]} Bf8 {[%emt 0:00:47]} 35. b3 {[%emt 0:00:16]} Ra6 {[%emt 0:00:11]} 36. Nxa5 {[%emt 0:00:32]} Rca7 {[%emt 0:00:22]} 37. Ra4 {[%emt 0:01:27]} Kg7 {[%emt 0:00:49]} 38. Rb7 {[%emt 0:00:01]} Ra8 {[%emt 0:00:30]} 39. Nc6 {[%emt 0:00:00]} Rxa4 {[%emt 0:00:30]} 40. bxa4 {[%emt 0:00:00]} Rxa4 {[%emt 0:30:30]} 41. Nd8 {[%emt 0:00:43]} Ra2+ {[%emt 0:00:00]} 42. Kf1 {[%emt 0:01:30]} Ra1+ {[%emt 0:00:00]} 43. Ke2 {[%emt 0:04:30]} Ra2+ {[%emt 0:00:00]} 44. Kf3 {[%emt 0:02:30]} Ra3+ {[%emt 0:00:00]} 45. Ke4 {[%emt 0:00:30]} Ra4+ {[%emt 0:00:00]} 46. Kf3 {[%emt 0:03:30]} Ra3+ {[%emt 0:00:00]} 47. Kg4 {[%emt 0:01:30]} h5+ {[%emt 0:00:00]} 48. Kh4 {[%emt 0:00:00]} Kg8 {[%emt 0:00:00]} 49. Nxf7 {[%emt 0:01:00]} Bc5 {[%emt 0:00:00]} 50. Ng5 {[%emt 0:03:08]} Bf2 {[%emt 0:00:00]} 51. Ne4 {[%emt 0:00:03]} Be1 {[%emt 0:00:00]} 52. Kg5 {[%emt 0:00:40]} 1-0

[Event "TUR-chT Superleague 2018"]
[Site "Ankara"]
[Date "2018.07.29"]
[Round "5"]
[White "Uzumcu, Ahmet Utku"]
[Black "Can, Isik"]
[Result "0-1"]
[WhiteElo "2261"]
[BlackElo "2385"]
[Annotator "NA"]
[PlyCount "50"]
[EventDate "2018.07.25"]
[EventType "team-tourn"]
[EventCountry "TUR"]
[SourceTitle "playchess.com"]
[Source "ChessBase"]
[SourceQuality "1"]
[TimeControl "40/5400+30:1800+30"]

1. e4 {[%emt 0:00:30]} c5 {[%emt 0:01:00]} 2. Nf3 {[%emt 0:00:30]} d6 {[%emt 0:00:30]} 3. d4 {[%emt 0:00:30]} cxd4 {[%emt 0:00:30]} 4. Nxd4 {[%emt 0:00:30]} Nf6 {[%emt 0:00:30]} 5. Nc3 {[%emt 0:00:00]} a6 {[%emt 0:00:00]} 6. h3 {[%emt 0:00:00] LiveBook: 3140 Games} e5 {[%emt 0:00:00]} 7. Nde2 {[%emt 0:00:00]} b5 {[%emt 0:00:00]} 8. g4 {[%emt 0:01:00]} b4 {[%emt 0:00:00]} 9. Nd5 {[%emt 0:01:30]} Nxd5 {[%emt 0:00:00]} 10. Qxd5 {[%emt 0:01:30]} Ra7 {[%emt 0:00:00]} 11. Be3 {[%emt 0:05:30]} Rd7 {[%emt 0:12:30]} 12. c4 {[%emt 0:11:30]} Bb7 {[%emt 0:08:30]} 13. Qd3 $11 {[%emt 0:02:30]} Be7 {[%emt 0:05:30]} 14. Ng3 {[%emt 0:02:30]} g6 {[%emt 0:05:30]} 15. Bg2 {[%emt 0:03:30]} Bg5 {[%emt 0:03:30]} 16. O-O {[%emt 0:02:30]} Nc6 {[%emt 0:02:30]} 17. Rfd1 {[%emt 0:04:30]} O-O {[%emt 0:03:30]} 18. Rac1 {[%emt 0:08:30]} Nd4 {[%emt 0:18:30]} 19. Qd2 {[%emt 0:05:30]} h6 {[%emt 0:14:30]} 20. Qxb4 {[%emt 0:16:30]} f5 {[%emt 0:01:30]} 21. f4 {[%emt 0:20:47]} exf4 {[%emt 0:06:49]} 22. Bxd4 {[%emt 0:00:09]} fxg3 {[%emt 0:00:44]} 23. Rc3 {[%emt 0:01:45]} Bxe4 {[%emt 0:07:57]} 24. gxf5 {[%emt 0:04:27]} Bxg2 {[%emt 0:02:38]} 25. Kxg2 {[%emt 0:00:06]} Qe7 {[%emt 0:00:21]} 0-1

[Event "TUR-chT Superleague 2018"]
[Site "Ankara"]
[Date "2018.07.29"]
[Round "5"]
[White "Demircioglu, Emre"]
[Black "Asadli, Vugar"]
[Result "0-1"]
[WhiteElo "2244"]
[BlackElo "2478"]
[Annotator "TA"]
[PlyCount "78"]
[EventDate "2018.07.25"]
[EventType "team-tourn"]
[EventCountry "TUR"]
[SourceTitle "playchess.com"]
[Source "ChessBase"]
[SourceQuality "1"]

{[%evp 13,78,38,39,12,22,16,14,0,12,12,16,22,17,17,28,13,18,17,18,9,24,24,47,60,60,60,69,2,32,0,6,3,32,19,9,6,13,15,18,0,0,0,12,3,37,0,0,0,15,14,60,20,22,-220,-220,-215,-206,-267,-267,-267,-261,-269,-262,-672,-604,-555,-218]} 1. d4 g6 2. Nf3 Bg7 3. g3 d6 4. Bg2 Nd7 5. O-O e5 6. e4 Ne7 7. Nc3 O-O {LiveBook: 12 Games. A41: 1 d4 d6: Tartakower System and Modern Defence} 8. Re1 exd4 9. Nxd4 Nc6 {The position is equal.} 10. Nf3 $146 ({Predecessor:} 10. Nxc6 bxc6 11. Bf4 Rb8 {½-½ (11) Voiteanu,C (2254)-Gagunashvili,M (2582) Rijeka 2010}) 10... h6 11. Nd5 Re8 12. c3 a5 13. Be3 a4 14. Qc2 (14. Qd2 {is interesting.} Kh7 15. Nd4 Ne7 16. h3 Ne5 17. b3) 14... Nf6 15. Nxf6+ Qxf6 16. Nd4 Ne5 17. f4 Nc4 18. Bf2 $1 Qd8 19. b3 Na5 20. Rad1 (20. b4 $14 Nc4 21. Bf1) 20... Bd7 21. c4 axb3 22. axb3 {[%cal Ba2b3,Bb3b4,Bb4b5][%mdl 32]} Qc8 23. b4 Nc6 24. Nxc6 Bxc6 25. b5 Bd7 26. Bd4 Bxd4+ 27. Rxd4 Qb8 28. Qf2 Ra4 29. e5 (29. b6 $5) 29... Be6 30. Bd5 dxe5 31. fxe5 Qc8 32. Rf4 Qd7 33. Rf1 $2 {[#]} (33. Bxb7 $11 {and White is okay.} Qd3 34. b6 Rxc4 35. Be4) 33... Bxd5 $19 34. cxd5 Rxf4 35. Qxf4 Qxd5 {KQR-KQR} 36. e6 Qxe6 37. Qxc7 Qd5 38. Qb6 $2 (38. Qf4) 38... Re2 {[%csl Ge2][%cal Rd5g2] [#]} 39. Rf2 Re1+ $2 {Precision: White = 33%, Black = 55%.} (39... Re6 40. Qa7 Re1+ 41. Rf1 Rxf1+ 42. Kxf1 Qxb5+ 43. Kg1 Qb3 44. Qb8+ Kh7) 0-1

[Event "TUR-chT Superleague 2018"]
[Site "Ankara"]
[Date "2018.07.29"]
[Round "5"]
[White "Kamer, Kayra"]
[Black "Isik, Alparslan"]
[Result "0-1"]
[WhiteElo "2181"]
[BlackElo "2212"]
[Annotator "NA"]
[PlyCount "128"]
[EventDate "2018.07.25"]
[EventType "team-tourn"]
[EventCountry "TUR"]
[SourceTitle "playchess.com"]
[Source "ChessBase"]
[SourceQuality "1"]
[TimeControl "40/5400+30:1800+30"]

1. e4 {[%emt 0:00:30]} c5 {[%emt 0:01:00]} 2. Nc3 {[%emt 0:00:30]} a6 {[%emt 0:00:30]} 3. Nge2 {[%emt 0:00:30]} d6 {[%emt 0:02:30]} 4. a4 {[%emt 0:01:30]} g6 {[%emt 0:03:30]} 5. g3 {[%emt 0:03:30]} Bg7 {[%emt 0:01:30]} 6. Bg2 {[%emt 0:00:00]} Nc6 {[%emt 0:00:30]} 7. d3 {[%emt 0:00:00]} Rb8 {[%emt 0:01:30]} 8. Bg5 {[%emt 0:01:30]} b5 {[%emt 0:02:30]} 9. axb5 {[%emt 0:00:30]} axb5 {[%emt 0:00:00]} 10. Qd2 {[%emt 0:02:30]} Nd4 {[%emt 0:03:00]} 11. O-O {[%emt 0:03:30]} Nf6 {[%emt 0:04:30]} 12. Nxd4 {[%emt 0:01:30]} cxd4 {[%emt 0:00:30]} 13. Bxf6 {[%emt 0:00:30]} Bxf6 {[%emt 0:01:30]} 14. Nd5 {[%emt 0:00:00]} Bg7 {[%emt 0:04:30]} 15. Nb4 $11 {[%emt 0:06:00]} Bb7 {[%emt 0:06:30]} 16. f4 {[%emt 0:00:30]} O-O {[%emt 0:00:30]} 17. f5 {[%emt 0:01:30]} e6 {[%emt 0:05:30]} 18. Qf4 {[%emt 0:04:30]} Be5 {[%emt 0:04:30]} 19. Qh6 {[%emt 0:00:30]} Ra8 {[%emt 0:01:30]} 20. Rxa8 {[%emt 0:00:30]} Bxa8 {[%emt 0:00:00]} 21. Bh3 {[%emt 0:21:30]} Bg7 {[%emt 0:17:00]} 22. Qf4 {[%emt 0:00:30]} exf5 {[%emt 0:00:30]} 23. exf5 {[%emt 0:01:30]} Qc8 {[%emt 0:00:30]} 24. Bg4 {[%emt 0:04:30]} Qc5 {[%emt 0:04:30]} 25. f6 {[%emt 0:00:30]} Bh8 {[%emt 0:04:30]} 26. Qd2 {[%emt 0:01:30]} Qe5 {[%emt 0:00:30]} 27. Qf2 {[%emt 0:01:30]} Qc5 {[%emt 0:03:30]} 28. Qe1 {[%emt 0:10:30]} Qg5 {[%emt 0:02:30]} 29. Bf3 {[%emt 0:03:30]} Bxf3 {[%emt 0:03:30]} 30. Rxf3 {[%emt 0:00:00]} Bxf6 {[%emt 0:01:30]} 31. h4 {[%emt 0:00:00]} Qe5 {[%emt 0:00:30]} 32. Qf2 {[%emt 0:00:30]} Bg7 {[%emt 0:00:30]} 33. Nc6 {[%emt 0:00:30]} Qe6 {[%emt 0:01:30]} 34. Nxd4 {[%emt 0:00:30]} Qd5 {[%emt 0:00:30]} 35. Rf4 {[%emt 0:07:30]} Be5 {[%emt 0:01:18]} 36. c4 {[%emt 0:01:30]} bxc4 {[%emt 0:00:20]} 37. dxc4 {[%emt 0:00:30]} Qxc4 {[%emt 0:01:18]} 38. Rg4 {[%emt 0:00:30]} f5 {[%emt 0:02:48]} 39. Nxf5 {[%emt 0:00:30]} Qc1+ {[%emt 0:00:28]} 40. Kh2 {[%emt 0:00:00]} Kh8 {[%emt 0:01:48]} 41. Rg5 {[%emt 0:02:00]} Qc8 {[%emt 0:05:30]} 42. b4 {[%emt 0:03:30]} Rxf5 {[%emt 0:00:30]} 43. Rxf5 {[%emt 0:00:30]} Qxf5 {[%emt 0:00:30]} 44. Qb6 {[%emt 0:00:00]} Kg7 {[%emt 0:01:30]} 45. b5 {[%emt 0:01:00]} Qc2+ {[%emt 0:05:30]} 46. Kh3 {[%emt 0:00:30]} Qc4 {[%emt 0:00:30]} 47. Qa7+ {[%emt 0:00:00]} Kg8 {[%emt 0:03:30]} 48. Qa8+ {[%emt 0:00:00]} Kg7 {[%emt 0:01:30]} 49. Qa7+ {[%emt 0:00:30]} Kf6 {[%emt 0:01:30]} 50. Qf2+ {[%emt 0:00:30]} Ke6 {[%emt 0:00:30]} 51. b6 {[%emt 0:00:30]} Qb3 {[%emt 0:00:30]} 52. Kg4 {[%emt 0:03:30]} Qd1+ {[%emt 0:04:30]} 53. Kh3 {[%emt 0:01:30]} Qh1+ {[%emt 0:00:30]} 54. Kg4 {[%emt 0:00:30]} Qe4+ {[%emt 0:00:30]} 55. Kg5 {[%emt 0:00:30]} Qf5+ {[%emt 0:00:30]} 56. Qxf5+ {[%emt 0:00:30]} gxf5 {[%emt 0:00:30]} 57. Kh6 {[%emt 0:00:30]} d5 {[%emt 0:00:30]} 58. Kxh7 {[%emt 0:00:30]} d4 {[%emt 0:00:30]} 59. Kg6 {[%emt 0:00:30]} d3 {[%emt 0:00:30]} 60. h5 {[%emt 0:00:30]} d2 {[%emt 0:00:30]} 61. h6 {[%emt 0:00:00]} d1=Q {[%emt 0:00:00]} 62. b7 {[%emt 0:00:00]} Qg4+ {[%emt 0:00:00]} 63. Kh7 {[%emt 0:00:00]} Kf7 {[%emt 0:00:00]} 64. b8=Q {[%emt 0:00:00]} Bxb8 {[%emt 0:00:00]} 0-1